| 000 | 00649naa a2200205 4500 | ||
|---|---|---|---|
| 001 | 181398 | ||
| 003 | ES-MaBCM | ||
| 005 | 20241016192639.0 | ||
| 008 | 101209s2010 esp|r0p 0 ||spa d | ||
| 021 | _axx | ||
| 035 | _a(OCoLC)1365126430 | ||
| 040 | _cES-MaBCM | ||
| 100 | 1 |
_aCarci López, Cristian _991677 |
|
| 245 | 1 | 0 |
_aLa reforma de las faltas operada por la L.O. 5/2010 de 22 de junio _cCristian Carci López |
| 650 | 2 | 7 |
_aSanción penal _960174 |
| 651 | 2 | 4 |
_aEspaña _9115342 |
| 655 | 4 |
_aLegislación comentada _9115338 |
|
| 773 | 0 |
_aEn: _tEconomist & jurist _dBarcelona _w104922 _gAño XVIII, n. 45 (nov. 2010), p. 42-46 |
|
| 942 | _cAREV | ||
| 999 |
_c181398 _d181398 |
||